Mír v srdci (I) : uvědomujeme si, jací jsme? : víme, co dělat v 21. století pro šťastný život? /

Hlavní autor: Mráček, František, 1934-
Jazyk: Čeština
Vydáno: Praha : Vérité, 2003
Témata:
Externí odkaz: Digitalizovaný dokument
Fyzický popis: 176 s., [3] s. barev. obr. příl. : il. ; 21 cm
Knihy
Uloženo v:
LEADER 02274nam a2200577 a 4500
001 000936059
003 CZ BrMZK
005 20090827143357.0
007 ta
008 070524s2003 xr af e 000 1 cze
015 |a cnb001719187 
020 |a 80-900843-3-8  |q (váz.) 
035 |a (OCoLC)187296221 
040 |a ABA001  |b cze  |d BOA001 
043 |a e-bn--- 
045 |a x8y0 
072 7 |a 27-4  |x Praktická teologie. Morální teologie  |2 Konspekt  |9 5 
080 |a 17.02  |2 MRF 
080 |a 27-185.57  |2 MRF 
080 |a 27-185.33  |2 MRF 
080 |a 2-312.6-584.5  |2 MRF 
080 |a 27-584  |2 MRF 
080 |a 27-4  |2 MRF 
080 |a 316.472.4  |2 MRF 
080 |a 27-312.47-587.5  |2 MRF 
080 |a (497.6)  |2 MRF 
080 |a (0:82-4)  |2 MRF 
080 |a (082.22)  |2 MRF 
100 1 |a Mráček, František,  |d 1934-  |7 skuk0004213  |4 aut 
245 1 0 |a Mír v srdci (I) :  |b uvědomujeme si, jací jsme? : víme, co dělat v 21. století pro šťastný život? /  |c František Mráček 
260 |a Praha :  |b Vérité,  |c 2003 
300 |a 176 s., [3] s. barev. obr. příl. :  |b il. ;  |c 21 cm 
600 0 7 |a Marie,  |c Panna  |7 ola2002100464  |2 czenas 
648 4 |a 1986-2003 
650 0 7 |a smysl života  |7 ph125718  |2 czenas 
650 0 7 |a smíření  |7 ph125729  |2 czenas 
650 0 7 |a pokání  |7 ph124224  |2 czenas 
650 0 7 |a vnitřní konverze  |7 ph127150  |2 czenas 
650 0 7 |a duchovní život  |7 ph114375  |2 czenas 
650 0 7 |a křesťanský život  |7 ph122132  |2 czenas 
650 0 7 |a interpersonální vztahy  |7 ph114786  |2 czenas 
650 0 7 |a mariánská zjevení  |7 ph122642  |z Bosna a Hercegovina  |y 1986-2003  |2 czenas 
655 7 |a úvahy  |7 fd134000  |2 czenas 
655 7 |a výňatky  |7 fd185966  |2 czenas 
651 7 |a Medžugorje (Bosna a Hercegovina)  |7 ge129991  |2 czenas 
856 4 1 |u http://www.digitalniknihovna.cz/mzk/uuid/uuid:17800720-a67f-11e2-b6da-005056827e52  |y Digitalizovaný dokument  |x NDK 
910 2 |a BOA001  |b 2-1221.586 
990 |a BK 
991 |b 200905  |c NOV 
901 |f 1. vyd.  |g Stejné ISBN přiděleno multiplicitně ještě publikacím: MRÁČEK, František: Zjavení Matky Boží v Medžugorji a ŠEGO, Krešimir: Medžugorje - čas milosti  |o 20070611 
996 6 |b 2610374604  |c 2-1221.586  |l MZK  |r Sklad / do 1 hodiny  |n 0  |p p.v.  |w 000936059  |u 000010  |a 1  |e BOA001  |j MZK50  |s P